Largest Contracts in Professional Sports All-Time - Statistics

General Stats
  • This quiz has been taken 17 times
    2 since last reset
  • The average score is 23 of 50
Answer Stats
Total Value Sport Answer % Correct
$360,000,000 Baseball Aaron Judge
100%
$275,000,000 Baseball Alex Rodriguez
100%
$252,000,000 Baseball Alex Rodriguez
100%
$710,030,000 Association Football Cristiano Ronaldo
100%
$536,336,818 Association Football Cristiano Ronaldo
100%
$303,734,891 Basketball Jaylen Brown
100%
$258,000,000 American Football Josh Allen
100%
$765,000,000 Baseball Juan Soto
100%
$260,000,000 American Football Lamar Jackson
100%
$674,000,000 Association Football Lionel Messi
100%
$426,500,000 Baseball Mike Trout
100%
$264,000,000 Basketball Nikola Jokić
100%
$450,000,000 American Football Patrick Mahomes
100%
$244,588,236 American Football Russell Wilson
100%
$285,000,000 Basketball Shai Gilgeous-Alexander
100%
$700,000,000 Baseball Shohei Ohtani
100%
$265,000,000 American Football Brock Purdy
50%
$330,000,000 Baseball Bryce Harper
50%
$325,000,000 Baseball Corey Seager
50%
$324,000,000 Baseball Gerrit Cole
50%
$325,000,000 Baseball Giancarlo Stanton
50%
$314,000,000 Basketball Jayson Tatum
50%
$350,000,000 Baseball Manny Machado
50%
$300,000,000 Baseball Manny Machado
50%
$330,000,000 Auto Racing Max Verstappen
50%
$365,000,000 Baseball Mookie Betts
50%
$385,000,000 Association Football Neymar
50%
$313,500,000 Baseball Rafael Devers
50%
$300,000,000 Baseball Trea Turner
50%
$240,000,000 Baseball Albert Pujols
0%
$245,000,000 Baseball Anthony Rendon
0%
$288,700,000 Baseball Bobby Witt Jr.
0%
$251,000,000 Basketball Bradley Beal
0%
$365,000,000 Boxing Canelo Álvarez
0%
$240,000,000 American Football Dak Prescott
0%
$346,000,000 Association Football Erling Haaland
0%
$340,000,000 Baseball Fernando Tatis Jr.
0%
$341,000,000 Baseball Francisco Lindor
0%
$255,000,000 American Football Jalen Hurts
0%
$275,000,000 American Football Joe Burrow
0%
$262,500,000 American Football Justin Herbert
0%
$238,000,000 Basketball Lauri Markkanen
0%
$248,000,000 Baseball Miguel Cabrera
0%
$260,000,000 Baseball Nolan Arenado
0%
$240,000,000 Baseball Robinson Canó
0%
$245,000,000 Baseball Stephen Strasburg
0%
$275,000,000 American Football Trevor Lawrence
0%
$500,000,000 Baseball Vladimir Guerrero Jr.
0%
$280,000,000 Baseball Xander Bogaerts
0%
$325,000,000 Baseball Yoshinobu Yamamoto
0%
No matching quizzes found
Score Distribution
Percent of People with Each Score
Percentile by Number Answered
Your Score History
You have not taken this quiz since the last reset